Responses for Show #1683 - Wednesday, December 18, 1991

India Cooper game 3.

Contestants

[<< previous game]

Gail Gray, a full-time mother from San Antonio, Texas

Julie Crouchley, a secretary originally from Essex Junction, Vermont

India Cooper, an actor and copy editor originally from Denver, Colorado (whose 2-day cash winnings total $34,001)

[next game >>]

Jeopardy! Round responses

SWITZERLAND
BASEBALL
SONG STANDARDS
TRANSPORTATION
OLD TESTAMENT
"JACK"s & "JILL"s
    $100 4
a president

Gail
    $100 1
[NOTE: It was also a perfect game through 12 innings.]

a no-hitter

India
    $100 17
young at heart

India
    $100 15
a taxi

India
    $100 26
Abel

Triple Stumper
    $100 9
Jill Eikenberry

India
    $200 5
William Tell

Gail
    $200 2
Cincinnati Reds

India
    $200 18
Irish eyes

Gail
    $200 16
the Chesapeake

Julie
    $200 27
Persia

India
    $200 10
Jill Ireland

Gail
    $300 6
Matterhorn

Gail
    $300 3
Teddy Roosevelt

Gail
    $300 23
in our mountain greenery

India
    $300 19
a stretcher

India
    $300 28
the Ark (of the Covenant)

Gail
    $300 11
Jack Benny

Gail
    $900 7
(Gail: What is a neutral country?)

observer

Gail
    $400 13
the Texas League

India
    $400 24
"East Side, West Side" ("The Sidewalks Of New York")

India
    $400 20
(Julie: What is mass transportation?)

a streetcar

IndiaJulie
    $400 29
(Gail: Who is Moses?)
(Alex: Moses, is right. [Hears offstage cue] Oh, I'm sorry; sorry, that is wrong.)

Aaron

IndiaGail
    $400 12
Jill Clayburgh

India
    $500 8
(Alex: Yeah, we'll accept either one.)

Nestle's (Nestle)

Gail
    $500 14
(Alex: Long before you got interested in the game, India, [*], is his name; goes back many years.)

Rogers Hornsby

Triple Stumper
    $500 25
(Alex: We have less than a minute to go.)

"In The Good Old Summertime"

India
    $500 21
sleds

Gail
    $500 30
the writing on the wall

India
    $500 22
Jack Valenti

India

Scores at the first commercial break (after clue 13):

India Julie Gail
$1,200 $0 $1,000

Scores at the end of the Jeopardy! Round:

India Julie Gail
$4,900 -$200 $1,600

Double Jeopardy! Round responses

MEDICAL HISTORY
HOLIDAYS & OBSERVANCES
PLAYWRIGHTS
BODIES OF WATER
8-LETTER WORDS
BARONS & BARONESSES
    $200 1
a C-section

India
    $200 26
China

Gail
    $200 3
Tennessee Williams

Gail
    $200 4
the Mississippi

Julie
    $200 10
sergeant

Gail
    $200 11
Prince Charles

India
    $400 2
the mosquito

India
    $400 27
Oktoberfest

India
    $400 6
Shakespeare

India
    $400 13
the Chicago River

India
    $400 12
a souvenir

Gail
    $400 22
barony

India
    $600 5
scurvy

India
    $600 28
Rosh Hoshanah

Gail
    $600 7
Ibsen

India
    $600 19
the Finger Lakes

Julie
    $600 14
cavalier

India
    $600 23
Isak Dinesen

India
    $800 17
valium

Gail
    $800 29
Halloween

Julie
    $800 8
O'Neill

India
    $800 20
Lake Baikal

India
    $800 15
a bouzouki

Triple Stumper
    $800 24
(von) Steuben

India
    $2,500 18
(Louis) Pasteur

Gail
    $1000 30
the Assumption

Julie
    $1000 9
The Miracle Worker

India
    $900 21
(India: What is the Orinoco?)
...
(Alex: Oh, sorry -- you picked a river that's much further north. This is [*]. [*] Falls.)

Iguazu

India
    $1000 16
arboreal

Triple Stumper
    $1000 25
Raglan

India

Scores at the end of the Double Jeopardy! Round:

India Julie Gail
$13,200 $2,400 $6,500
(lock game)

[wagering suggestions for these scores]

Final Jeopardy! Round responses

AMERICAN NOVELS
(Alex: When India Cooper saw this clue I had the feeling that she said, "Oh gosh, why didn't I wager more money instead of just trying to protect myself"?)
[India points to her nose]
(Alex: I have it right on the nose?)
JulieWhat was "the Last of the Mohica
$2,400
GailWhat is Moby Dick?
$1,500
IndiaWhat is Moby Dick?
$199
Moby-Dick

Final scores:

India Julie Gail
$13,399 $0 $8,000
3-day champion: $47,400 3rd place: Magnavox 3" LCD TV & Nintendo Entertainment system + Super Jeopardy! & Wheel of Fortune + InfoGenius for Game Boy 2nd place: trip on Delta to Orlando, Florida including cruise on The Big Red Boat

Game dynamics:

Coryat scores:

India Julie Gail
$14,100 $2,400 $5,900
32 R,
1 W
(including 1 DD)
5 R,
1 W
17 R
(including 1 DD),
2 W
(including 1 DD)

Combined Coryat: $22,400

[game clues] [game scores] [suggest correction]

Game tape date: 1991-09-30
The J! Archive is created by fans, for fans. Scraping, republication, monetization, and malicious use prohibited; this site may use cookies and collect identifying information. See terms. The Jeopardy! game show and all elements thereof, including but not limited to copyright and trademark thereto, are the property of Jeopardy Productions, Inc. and are protected under law. This website is not affiliated with, sponsored by, or operated by Jeopardy Productions, Inc. Join the discussion at JBoard.tv.